[Event "Poznan op 26th"]
[Site "Poznan"]
[Date "2018.08.19"]
[Round "1"]
[White "Chojnacki, Krzysztof"]
[Black "Najdzionek, Boleslaw"]
[Result "1-0"]
[WhiteElo "2352"]
[BlackElo "1715"]
[PlyCount "56"]
[EventDate "2018.08.19"]
[EventType "swiss"]
[EventRounds "9"]
[EventCountry "POR"]
[SourceTitle "CBM 186 Extra"]
[Source "ChessBase"]
[SourceDate "2018.08.24"]
[SourceVersion "1"]
[SourceVersionDate "2018.08.24"]
[SourceQuality "1"]

1. d4 d5 2. c4 Nf6 3. cxd5 Nxd5 4. e4 Nb6 5. Nc3 e6 6. Be3 Bb4 7. Nf3 0-0 8. Be2 Nc6 9. 0-0 Bd7 10. Rc1 a6 11. a3 Bxc3 12. Rxc3 Rc8 13. Qc2 Ne7 14. Rc1 c6 15. Qb3 Rb8 16. d5 Nec8 17. dxc6 Bxc6 18. Rd3 Qc7 19. Nd4 e5 20. Nxc6 bxc6 21. Qc2 Ne7 22. Bc5 Nbc8 23. Rcd1 Qb7 24. Rd7 Qxb2 25. Qxb2 Rxb2 26. Bxa6 Re8 27. Bxe7 Nxe7 28. Rxe7 Ra8 1-0

[Event "Rewal op-B 18th"]
[Site "Rewal"]
[Date "2013.08.23"]
[Round "4"]
[White "Najdzionek, Boleslaw"]
[Black "Woloch, Oskar"]
[Result "0-1"]
[WhiteElo "1911"]
[BlackElo "1779"]
[PlyCount "112"]
[EventDate "2013.08.20"]
[EventType "swiss"]
[EventRounds "9"]
[EventCountry "POL"]
[SourceTitle "CBM 156 Extra"]
[Source "ChessBase"]
[SourceDate "2013.10.22"]
[SourceVersion "1"]
[SourceVersionDate "2013.10.22"]
[SourceQuality "1"]

1. d4 c5 2. d5 e5 3. dxe6 fxe6 4. c4 Nf6 5. Nc3 a6 6. Nf3 Nc6 7. e3 Be7 8. Bd3 0-0 9. 0-0 d5 10. Qe2 Qc7 11. b3 Bd7 12. Bb2 Rad8 13. Rad1 Bc8 14. h3 Rfe8 15. Bb1 Bd6 16. Kh1 Be5 17. Nxe5 Nxe5 18. f4 Nf7 19. Na4 e5 20. cxd5 Nxd5 21. Qf3 Nf6 22. Nc3 b5 23. Nd5 Nxd5 24. Rxd5 Rxd5 25. Qxd5 Bb7 26. Qd3 e4 27. Qc3 Nd6 28. f5 Rf8 29. Qe5 Ne8 30. Qe6+ Qf7 31. Qe5 Qf6 32. Rf4 Nd6 33. g4 Qxe5 34. Bxe5 Nf7 35. Bc3 b4 36. Be1 Rd8 37. Bc2 Ne5 38. Kg1 Nd3 39. Bxd3 Rxd3 40. Kf2 Kf7 41. g5 Rd1 42. Rh4 Rd5 43. Rxe4 Rxf5+ 44. Rf4 Ke6 45. h4 Be4 46. Ke2 Rxf4 47. exf4 Bb1 48. Kd2 c4 49. bxc4 Bxa2 50. c5 a5 51. Kc2 g6 52. Bd2 Bc4 53. Kb2 Kd5 54. Be3 a4 55. Bf2 a3+ 56. Kc2 Bd3+ 0-1

[Event "Rewal op-B 15th"]
[Site "Rewal"]
[Date "2010.08.27"]
[Round "9"]
[White "Najdzionek, Boleslaw"]
[Black "Dzierzak, Radoslaw"]
[Result "0-1"]
[WhiteElo "1902"]
[BlackElo "1724"]
[PlyCount "146"]
[EventDate "2010.08.18"]
[EventType "swiss"]
[EventRounds "9"]
[EventCountry "POL"]
[SourceTitle "EXT 2014"]
[Source "ChessBase"]
[SourceDate "2013.11.20"]
[SourceVersion "1"]
[SourceVersionDate "2013.11.20"]
[SourceQuality "1"]

1. d4 Nf6 2. c4 e6 3. Nf3 b6 4. Bg5 Bb7 5. Nbd2 d5 6. e3 Be7 7. Qc2 0-0 8. b3 Nbd7 9. Bd3 h6 10. Bh4 c5 11. Rc1 Rc8 12. Qb1 Re8 13. 0-0 dxc4 14. bxc4 Qc7 15. Rfd1 Qc6 16. Bf1 Rcd8 17. h3 Bd6 18. d5 exd5 19. cxd5 Qc7 20. Bxf6 Nxf6 21. e4 Re7 22. Bd3 Nh5 23. Nc4 Bf4 24. Rc3 f5 25. Ne3 Bxe3 26. fxe3 fxe4 27. Bxe4 Nf6 28. Bc2 Nxd5 29. Bb3 Kh8 30. Bxd5 Rxd5 31. Rxd5 Bxd5 32. Qf5 Bxa2 33. Qf8+ Bg8 34. Nh4 Rf7 35. Qe8 Qg3 36. Rd3 Qxh4 37. Rd8 Kh7 38. Qxg8+ Kg6 39. Qe8 Qe7 40. Qc6+ Rf6 41. Qd5 Qxe3+ 42. Kh2 Qf4+ 43. Kg1 Qd4+ 44. Qxd4 cxd4 45. Rxd4 a5 46. Rd5 Re6 47. Rb5 Kf6 48. h4 Ke7 49. Kf2 Kd6 50. Rxb6+ Ke7 51. Rb7+ Kf6 52. Ra7 Re5 53. g4 Re4 54. Ra6+ Kf7 55. Kf3 Ra4 56. g5 h5 57. g6+ Ke7 58. Kg3 Rg4+ 59. Kh3 Ra4 60. Kg3 Ra1 61. Kf4 a4 62. Kg5 a3 63. Ra7+ Ke6 64. Rxg7 Rg1+ 65. Kxh5 a2 66. Ra7 a1Q 67. Rxa1 Rxa1 68. Kh6 Kf6 69. h5 Rh1 70. g7 Rg1 71. Kh7 Rxg7+ 72. Kh6 Rg1 73. Kh7 Rh1 0-1

[Event "Rewal op-B 15th"]
[Site "Rewal"]
[Date "2010.08.25"]
[Round "6"]
[White "Faron, Rafal"]
[Black "Najdzionek, Boleslaw"]
[Result "1-0"]
[WhiteElo "1780"]
[BlackElo "1902"]
[PlyCount "89"]
[EventDate "2010.08.18"]
[EventType "swiss"]
[EventRounds "9"]
[EventCountry "POL"]
[SourceTitle "EXT 2014"]
[Source "ChessBase"]
[SourceDate "2013.11.20"]
[SourceVersion "1"]
[SourceVersionDate "2013.11.20"]
[SourceQuality "1"]

1. d4 d5 2. c4 c6 3. Nc3 e6 4. cxd5 exd5 5. Bf4 Nf6 6. e3 Bd6 7. Bg3 Bf5 8. Bd3 Bxd3 9. Qxd3 Bxg3 10. hxg3 Nbd7 11. Nf3 Qe7 12. Nh4 g6 13. Nf3 Ne4 14. Nd2 f5 15. Ne2 Qd6 16. Qb3 0-0-0 17. Nxe4 fxe4 18. a4 Rdf8 19. a5 a6 20. 0-0 g5 21. Ra4 Rf7 22. Rb4 Nf6 23. Nc3 Re8 24. Rc1 Kb8 25. Na4 Ka7 26. Rb6 Rb8 27. Nc5 Ng4 28. Nxe4 Qh6 29. Rcxc6 Qh2+ 30. Kf1 Nxe3+ 31. Qxe3 Qh1+ 32. Ke2 Qh5+ 33. f3 bxc6 34. Nc5 Rxb6 35. axb6+ Kxb6 36. Qb3+ Ka7 37. Qa4 Re7+ 38. Kf2 Qg6 39. Qxa6+ Kb8 40. Qb6+ Kc8 41. Qa6+ Kd8 42. Qa8+ Kc7 43. Qb7+ Kd6 44. Qb8+ Rc7 45. Qd8+ 1-0

[Event "Bialystok Bieluczyk Memorial-B 2nd"]
[Site "Bialystok"]
[Date "2010.06.29"]
[Round "5"]
[White "Rebov, Petar"]
[Black "Najdzionek, Boleslaw"]
[Result "1/2-1/2"]
[WhiteElo "1898"]
[BlackElo "1924"]
[PlyCount "87"]
[EventDate "2010.06.26"]
[EventType "swiss"]
[EventRounds "9"]
[EventCountry "POL"]
[SourceTitle "EXT 2012"]
[Source "ChessBase"]
[SourceDate "2011.11.24"]
[SourceVersion "1"]
[SourceVersionDate "2011.11.24"]
[SourceQuality "1"]

1. d4 d5 2. c4 c6 3. cxd5 cxd5 4. Nc3 e6 5. Nf3 Nc6 6. a3 Nf6 7. Bg5 Be7 8. e3 0-0 9. h3 Ne4 10. Bxe7 Nxe7 11. Bd3 f5 12. 0-0 Ng6 13. Rc1 a6 14. Na4 b6 15. g3 Bd7 16. h4 Be8 17. b4 h6 18. Nb2 Qd6 19. Kg2 a5 20. Qb3 Kh8 21. Rc2 a4 22. Qa2 b5 23. Rfc1 Qb6 24. Rc8 Rxc8 25. Rxc8 Nd6 26. Rc1 Nc4 27. Nd1 Qd6 28. Be2 Rf6 29. h5 Ne7 30. Ne5 Nxe5 31. dxe5 Qxe5 32. Rc5 Ng8 33. Nc3 g5 34. Qb2 f4 35. e4 fxg3 36. fxg3 Qd4 37. Bf3 dxe4 38. Bxe4 Bxh5 39. Rc7 Bf7 40. Qe2 Qe5 41. Rc5 Qd4 42. Nxb5 Qa1 43. Rc7 Qe5 44. Rc5 1/2-1/2

[Event "Bialystok Bieluczyk Memorial-B 2nd"]
[Site "Bialystok"]
[Date "2010.06.28"]
[Round "4"]
[White "Najdzionek, Boleslaw"]
[Black "Bondarets, Vadim"]
[Result "0-1"]
[WhiteElo "1924"]
[BlackElo "2347"]
[PlyCount "45"]
[EventDate "2010.06.26"]
[EventType "swiss"]
[EventRounds "9"]
[EventCountry "POL"]
[SourceTitle "EXT 2012"]
[Source "ChessBase"]
[SourceDate "2011.11.24"]
[SourceVersion "1"]
[SourceVersionDate "2011.11.24"]
[SourceQuality "1"]

1. d4 Nf6 2. c4 g6 3. Nc3 d5 4. e3 Bg7 5. Nf3 0-0 6. cxd5 Nxd5 7. Bc4 Nxc3 8. bxc3 c5 9. 0-0 Nc6 10. Ba3 cxd4 11. cxd4 Na5 12. Be2 Be6 13. Qa4 b6 14. Rfc1 Bd5 15. Bb4 Nb7 16. Qa3 Nd6 17. Rab1 a5 18. Bxd6 exd6 19. Rb5 Be6 20. Rc6 Rb8 21. Qb2 Bd7 22. Rxd6 Qc7 23. Rbxb6 0-1

[Event "Bialystok Bieluczyk Memorial-B 2nd"]
[Site "Bialystok"]
[Date "2010.06.27"]
[Round "2"]
[White "Najdzionek, Boleslaw"]
[Black "Stepanova, Faina"]
[Result "1-0"]
[WhiteElo "1924"]
[BlackElo "1456"]
[PlyCount "125"]
[EventDate "2010.06.26"]
[EventType "swiss"]
[EventRounds "9"]
[EventCountry "POL"]
[SourceTitle "EXT 2012"]
[Source "ChessBase"]
[SourceDate "2011.11.24"]
[SourceVersion "1"]
[SourceVersionDate "2011.11.24"]
[SourceQuality "1"]

1. d4 e6 2. e4 d5 3. Nc3 Bb4 4. e5 c5 5. a3 Bxc3+ 6. bxc3 c4 7. Nf3 Ne7 8. a4 Nbc6 9. Be2 0-0 10. 0-0 Bd7 11. Ba3 f6 12. exf6 Rxf6 13. Qd2 Qe8 14. Ne5 Nxe5 15. dxe5 Rf7 16. a5 Nc6 17. Bd6 a6 18. Qe3 Na7 19. f4 Nb5 20. Bb4 Qd8 21. Qg3 g6 22. Bg4 d4 23. cxd4 Nxd4 24. Qf2 Nf5 25. Bxf5 Rxf5 26. Rad1 Qc7 27. Qd4 Rf7 28. Rd2 Bc6 29. Qxc4 Bd5 30. Qxc7 Rxc7 31. c3 Rac8 32. h3 Rc6 33. g4 b6 34. axb6 Rxb6 35. f5 gxf5 36. gxf5 Rb7 37. f6 Kf7 38. Kh2 Rg8 39. Rg1 Rxg1 40. Kxg1 Rc7 41. Kh2 Rc8 42. h4 h5 43. Kg3 Rg8+ 44. Kh3 Rg4 45. Rd4 Rg1 46. c4 Bc6 47. Rd6 Be8 48. Rxa6 Kg6 49. Ra7 Bf7 50. c5 Rg4 51. Ba3 Rc4 52. Kg3 Rc3+ 53. Kf2 Kf5 54. Rxf7 Rxa3 55. Rg7 Ra8 56. Rg5+ Kf4 57. Ke2 Rf8 58. Kd3 Ra8 59. Kc4 Rc8 60. Kb5 Ke4 61. Kb6 Kd5 62. Kb7 Rf8 63. c6 1-0

[Event "Bialystok Bieluczyk Memorial-B 2nd"]
[Site "Bialystok"]
[Date "2010.06.26"]
[Round "1"]
[White "Sowul, Bartosz"]
[Black "Najdzionek, Boleslaw"]
[Result "1-0"]
[WhiteElo "2128"]
[BlackElo "1924"]
[PlyCount "93"]
[EventDate "2010.06.26"]
[EventType "swiss"]
[EventRounds "9"]
[EventCountry "POL"]
[SourceTitle "EXT 2012"]
[Source "ChessBase"]
[SourceDate "2011.11.24"]
[SourceVersion "1"]
[SourceVersionDate "2011.11.24"]
[SourceQuality "1"]

1. d4 Nf6 2. c4 d5 3. Nc3 e6 4. Nf3 Nc6 5. Bg5 Be7 6. e3 Bd7 7. Bxf6 Bxf6 8. cxd5 Ne7 9. dxe6 Bxe6 10. Bd3 g6 11. 0-0 0-0 12. Ne4 Bg7 13. Nc5 Bc8 14. Rc1 c6 15. Qe2 Nd5 16. Rfd1 Re8 17. Qd2 Bh6 18. Re1 a5 19. a4 Nb4 20. Bc4 b6 21. Nd3 Nxd3 22. Qxd3 Be6 23. Ne5 Bd5 24. Bxd5 cxd5 25. Qb5 Re6 26. h3 Qe8 27. Qxd5 Rd8 28. Qb3 Bg7 29. Nf3 h6 30. Red1 g5 31. Qc2 Qe7 32. Qc7 Rd7 33. Qb8+ Rd8 34. Rc8 Rxc8 35. Qxc8+ Kh7 36. Qc3 h5 37. Qc2+ Kh6 38. d5 Rg6 39. Nd4 Bxd4 40. Rxd4 g4 41. hxg4 hxg4 42. Qe4 Qd7 43. d6 g3 44. fxg3 f5 45. Qe5 Rg4 46. Rxg4 fxg4 47. Qe7 1-0

[Event "Katy Rybackie op"]
[Site "Katy Rybackie"]
[Date "2009.06.19"]
[Round "7"]
[White "Strumilo, Slawomir"]
[Black "Najdzionek, Boleslaw"]
[Result "1-0"]
[WhiteElo "1860"]
[BlackElo "1938"]
[PlyCount "49"]
[EventDate "2009.06.14"]
[EventType "swiss"]
[EventRounds "9"]
[EventCountry "POL"]
[SourceTitle "CBM 131 Extra"]
[Source "ChessBase"]
[SourceDate "2009.09.03"]
[SourceVersion "2"]
[SourceVersionDate "2009.09.16"]
[SourceQuality "1"]

1. e4 c5 2. Nf3 Nc6 3. Bb5 e6 4. 0-0 Nge7 5. Nc3 a6 6. Bxc6 Nxc6 7. d4 cxd4 8. Nxd4 Be7 9. Nxc6 bxc6 10. e5 0-0 11. Ne4 a5 12. Qh5 a4 13. Rd1 Ra5 14. Rd3 g6 15. Qh6 Rxe5 16. Rh3 Rh5 17. Rxh5 gxh5 18. Qxh5 f5 19. Ng5 Bxg5 20. Bxg5 Qe8 21. Qh4 Qg6 22. Be7 Re8 23. Re1 Kf7 24. Bd6 Rg8 25. Qe7# 1-0

[Event "Katy Rybackie op"]
[Site "Katy Rybackie"]
[Date "2009.06.18"]
[Round "6"]
[White "Najdzionek, Boleslaw"]
[Black "Szamrej, Jozef"]
[Result "1/2-1/2"]
[WhiteElo "1938"]
[BlackElo "1810"]
[PlyCount "48"]
[EventDate "2009.06.14"]
[EventType "swiss"]
[EventRounds "9"]
[EventCountry "POL"]
[SourceTitle "CBM 131 Extra"]
[Source "ChessBase"]
[SourceDate "2009.09.03"]
[SourceVersion "2"]
[SourceVersionDate "2009.09.16"]
[SourceQuality "1"]

1. d4 d5 2. c4 c6 3. Nc3 Nf6 4. Nf3 g6 5. e3 Bg7 6. b3 0-0 7. Be2 Nbd7 8. 0-0 e6 9. Bb2 Ne8 10. Ba3 c5 11. Rc1 dxc4 12. bxc4 Qa5 13. Nb1 Qc7 14. Nfd2 b6 15. Nc3 Nef6 16. Nb3 a6 17. e4 Rd8 18. e5 Ne8 19. f4 Bb7 20. d5 Qc8 21. Qc2 Nf8 22. Rcd1 f6 23. Qe4 fxe5 24. fxe5 Nd7 1/2-1/2

[Event "Katy Rybackie op"]
[Site "Katy Rybackie"]
[Date "2009.06.16"]
[Round "4"]
[White "Szczepaniec, Stanislaw"]
[Black "Najdzionek, Boleslaw"]
[Result "1-0"]
[WhiteElo "2136"]
[BlackElo "1938"]
[PlyCount "110"]
[EventDate "2009.06.14"]
[EventType "swiss"]
[EventRounds "9"]
[EventCountry "POL"]
[SourceTitle "CBM 131 Extra"]
[Source "ChessBase"]
[SourceDate "2009.09.03"]
[SourceVersion "2"]
[SourceVersionDate "2009.09.16"]
[SourceQuality "1"]

1. c4 e5 2. Nc3 Nc6 3. g3 Nf6 4. Bg2 Be7 5. Nf3 d6 6. 0-0 Be6 7. d4 exd4 8. Nxd4 Nxd4 9. Qxd4 Qc8 10. Rd1 h6 11. e4 0-0 12. Bf4 Nh5 13. Be3 a6 14. Rac1 Bf6 15. Qd3 Rd8 16. f3 Bxc3 17. Qxc3 Nf6 18. Bxh6 Ne8 19. Be3 b5 20. cxb5 axb5 21. a3 Ra4 22. f4 Bg4 23. Rd4 Rxd4 24. Bxd4 c5 25. f5 f6 26. Qb3+ Kf8 27. Qxb5 Qc7 28. Bc3 Rb8 29. Qc4 Qa7 30. Rf1 Bh5 31. h3 Bf7 32. Qe2 Qa4 33. Re1 Nc7 34. Qd1 Qxd1 35. Rxd1 Nb5 36. a4 Nxc3 37. bxc3 Ke7 38. a5 Ra8 39. Ra1 Bc4 40. e5 d5 41. e6 Ra7 42. Kf2 Kd6 43. Bf1 Bb3 44. Bd3 c4 45. Bb1 Ra6 46. Ke2 Ke7 47. Kd2 Kd6 48. g4 Ke7 49. Bc2 Bxc2 50. Kxc2 Kd6 51. Kd2 g6 52. fxg6 Kxe6 53. Ke3 f5 54. gxf5+ Kxf5 55. g7 Ra8 1-0

[Event "Katy Rybackie op"]
[Site "Katy Rybackie"]
[Date "2009.06.15"]
[Round "2"]
[White "Najdzionek, Boleslaw"]
[Black "Shilov, Sergej"]
[Result "0-1"]
[WhiteElo "1938"]
[BlackElo "2211"]
[PlyCount "93"]
[EventDate "2009.06.14"]
[EventType "swiss"]
[EventRounds "9"]
[EventCountry "POL"]
[SourceTitle "CBM 131 Extra"]
[Source "ChessBase"]
[SourceDate "2009.09.03"]
[SourceVersion "2"]
[SourceVersionDate "2009.09.16"]
[SourceQuality "1"]

1. d4 Nf6 2. c4 c5 3. e3 cxd4 4. exd4 d5 5. Nc3 Nc6 6. cxd5 Nxd5 7. Nf3 Bg4 8. Be2 e6 9. 0-0 Be7 10. h3 Bh5 11. Nxd5 Qxd5 12. Be3 0-0 13. Qa4 a6 14. Rfc1 Rac8 15. a3 b5 16. Qd1 Na5 17. Rc3 Rxc3 18. bxc3 Rc8 19. a4 Nb3 20. Rb1 Rxc3 21. axb5 axb5 22. Bd2 Nxd2 23. Qxd2 b4 24. Qf4 Bd6 25. Qh4 Rc8 26. Bd3 Bg6 27. Bxg6 fxg6 28. Qg5 Qf5 29. Qxf5 gxf5 30. Kf1 h6 31. h4 Kf7 32. Ke1 Rc2 33. g3 Kg6 34. Nd2 Kh5 35. Kd1 Ra2 36. Nc4 Be7 37. Ke1 f4 38. Ne5 fxg3 39. fxg3 Bd6 40. Rb3 Bxe5 41. dxe5 Ra3 42. Rxb4 Rxg3 43. Kf2 Rg4 44. Rb6 Rxh4 45. Rxe6 Kg5 46. Re7 g6 47. Kf3 0-1

[Event "Wisla Fianchetto op 5th"]
[Site "Wisla"]
[Date "2000.10.12"]
[Round "7.7"]
[White "Rogalewicz, Marek"]
[Black "Najdzionek, Boleslaw"]
[Result "1/2-1/2"]
[WhiteElo "2088"]
[BlackElo "2000"]
[PlyCount "37"]
[EventDate "2000.10.??"]
[EventType "swiss"]
[EventRounds "11"]
[EventCountry "POL"]
[SourceTitle "EXT 2005"]
[Source "ChessBase"]
[SourceDate "2004.11.15"]
[SourceVersion "1"]
[SourceVersionDate "2004.11.15"]
[SourceQuality "1"]

1. e4 c5 2. Nf3 Nc6 3. d4 cxd4 4. Nxd4 a6 5. Nc3 e6 6. g3 Be7 7. Bg2 Nf6 8. 0-0 d6 9. Re1 Qc7 10. Kh1 0-0 11. f4 Bd7 12. h3 Nxd4 13. Qxd4 Bc6 14. g4 h6 15. Be3 b5 16. a3 Rac8 17. Rad1 Rfd8 18. Qb6 Qxb6 19. Bxb6 1/2-1/2